New Zealand icons - Statistics

General Stats
  • This quiz has been taken 580 times
  • The average score is 8 of 15
Answer Stats
Hint Answer % Correct
Bird kiwi
98%
Capital Wellington
84%
Rugby All Blacks
83%
Island North
79%
Island2 South
79%
Netball Silverferns
70%
footwear Jandals
55%
Plant2 Fern
54%
Animal Sheep
51%
Drink L&P
45%
bird2 Pukeko
21%
Archenemy Aussie
19%
Plant Pohutukawa
7%
Lollies Pinapple lumps
5%
Food Hokey Pokey Ice cream
1%
No matching quizzes found
Score Distribution
Percent of People with Each Score
Percentile by Number Answered
Your Score History
You have not taken this quiz